An introduction to social work / (Record no. 84262)

MARC details
000 -LEADER
fixed length control field 00705nam a22002057a 4500
005 - DATE AND TIME OF LATEST TRANSACTION
control field 20140728113607.0
010 ## - LCCN (DPL NO)
LC control number ENG-110008
020 ## - INTERNATIONAL STANDARD BOOK NUMBER
Terms of availability 995.00
International Standard Book Number 9788183762694
035 ## - SYSTEM CONTROL NUMBER
System control number EN-93541
037 ## - SOURCE OF ACQUISITION
Source of stock number/acquisition DBAD/PUB
082 ## - DEWEY DECIMAL CLASSIFICATION NUMBER
Classification number 361.32
100 ## - MAIN ENTRY--PERSONAL NAME
Personal name Krishna Kant Singh
245 00 - TITLE STATEMENT
Title An introduction to social work /
Statement of responsibility, etc by Krishna Kant Singh [and] Ram Shankar Singh
260 ## - PUBLICATION, DISTRIBUTION, ETC. (IMPRINT)
Place of publication, distribution, etc Jaipur
Name of publisher, distributor, etc ABD Publishers
Date of publication, distribution, etc 2011
270 ## - ADDRESS
Address Bony Residency Gate NO-2 opp Tilak Public School,Vishveshria Nagar,Gopalpura Road
City Jaipur
Postal code 302018
300 ## - PHYSICAL DESCRIPTION
Extent vi,296p.
Dimensions 22cm(Hb)
500 ## - GENERAL NOTE
General note Includes bibliographical references and index
700 ## - ADDED ENTRY--PERSONAL NAME
Personal name Ram Shankar Singh
942 ## - ADDED ENTRY ELEMENTS (KOHA)
Source of classification or shelving scheme Dewey Decimal Classification
Item type English Books
Call number suffix KRI
Classification part 361.32
Holdings
Withdrawn status Lost status Not for loan Collection code Home library Current library Date acquired Source of acquisition Cost, normal purchase price Full call number Barcode Copy number Cost, replacement price Koha item type
    Not For Loan Non-fiction D.B.Act.Division D.B.Act.Division 15/05/2014 DBAD/PUB 995.00 361.32 KRI EN-93541 1 995.00 English Books

© Delhi Public Library
Hit Counter
free hit counter